Miasta w województwie świętokrzyskim - Statystyki

Ogólne statystyki
  • Ten quiz został rozwiązany 245 razy
    20 od ostatniego zresetowania
  • Średni wynik to 29 z 50
Statystyki odpowiedzi
Populacja Miasto % Poprawnych
183 147 Kielce
100%
62 471 Ostrowiec Świętokrzyski
94%
14 469 Busko-Zdrój
88%
14 167 Jędrzejów
88%
5 942 Opatów
88%
21 417 Sandomierz
88%
44 699 Starachowice
88%
13 680 Staszów
88%
17 514 Końskie
81%
41 498 Skarżysko-Kamienna
81%
4 308 Chęciny
75%
3 372 Małogoszcz
75%
9 784 Pińczów
75%
9 587 Włoszczowa
75%
7 478 Połaniec
69%
3 466 Chmielnik
63%
2 758 Daleszyce
63%
5 019 Kazimierza Wielka
63%
1 038 Pacanów
63%
6 141 Sędziszów
63%
848 Działoszyce
56%
313 Opatowiec
56%
4 231 Ożarów
56%
5 138 Stąporków
56%
1 608 Zawichost
56%
2 103 Bodzentyn
50%
2 822 Ćmielów
50%
1 762 Klimontów
50%
1 767 Morawica
50%
1 959 Osiek
50%
2 947 Piekoszów
50%
7 537 Suchedniów
50%
465 Wiślica
50%
2 359 Koprzywnica
44%
2 715 Kunów
44%
1 531 Łagów
44%
2 845 Radoszyce
44%
1 138 Stopnica
44%
1 225 Iwaniska
38%
1 295 Nowa Słupia
38%
899 Nowy Korczyn
38%
1 722 Oleśnica
38%
1 202 Skalbmierz
38%
2 482 Wąchock
38%
967 Wodzisław
38%
1 426 Łopuszno
31%
1 251 Pierzchnica
31%
1 343 Gowarczów
25%
1 093 Bogoria
19%
972 Szydłów
19%
Nie znaleziono quizów pasujących do podanych kryteriów
Rozkład punktacji
Procent ludzi z każdym wynikiem
Percentyl według liczby udzielonych odpowiedzi
Twoja historia wyników
Nie rozwiązałeś tego quizu od ostatniego zresetowania